00952 2200349 4500001002100000005001500021035002000036007000300056040001700059100002900076245007400105250001000179300003500189020001800224041000800242082001000250084001600260090002400276260003100300650000900331850001000340008004100350504002300391264003400414336002100448337003000469338002300499990001900522990002100541990002100562990001900583INLIS00000000000601520260419075247 a0010-0322000259ta aSBPUPADbind0 aOemar HamalikePengarang1 aPendidikan Guru :bBerdasarkan Pendekatan Kompetensi /cOemar Hamalik aCet.5 a189 hal. :bIllus. ;c14x21 cm a979-526-769-8 aind a370.1 a370.1 OEM p a746.4 ELL t t 15-4 aJakarta :bErlangga,c2006 4aGuru aPUPAD260419 0  aBibliograf hlm 189 aBandung :bBumi Aksara,c2008 2rdacontentaTeks 2rdamediaaTanpa Perantara 2rdacarrieravolume a7124/ARPUS /08 a7231/BR/ARPUS/08 a7232/BR/ARPUS/08 a7125/ARPUS /08